| 000 | 00460nam a2200181Ia 4500 | ||
|---|---|---|---|
| 001 | 18816 | ||
| 005 | 20260306171658.0 | ||
| 008 | 260306s9999||||xx |||||||||||||| ||und|| | ||
| 041 | _aESP | ||
| 082 |
_a658.5 _bL569 |
||
| 100 |
_aLowson, Bob _eAUT |
||
| 245 | 0 |
_aQuick response: _bmanaging the supply chain to meet consumer demand |
|
| 260 | _c1999 | ||
| 300 |
_axx, 281 páginas : _c24 cm. |
||
| 650 | _aGEN | ||
| 654 | _aCAN | ||
| 942 |
_cLIB _dJUS _fJUS _2ddc _n |
||
| 999 |
_c18816 _d18816 |
||